00450nam a22001457a 4500003000400000005001700004008004100021020001500062050002100077082002300098100002000121245004900141260008700190300002700277OSt20140310182350.0130930t xxu||||| |||| 00| 0 eng d a0935529071 aPZ 7b.N632 1988 aGS 823 bN53p 1988 aNickerson, Sara aPeter parrot, private eye /cNickerson, Sara aSouth Seattle, Washington : bComprehensive Health Education Foundation, c1988. a43 p. :bill. ;c23 cm